[Event "1st Barreau de Paris 2019"]
[Site "Paris"]
[Date "2019.12.18"]
[Round "5.4"]
[White "Mouhamad, Joachim"]
[Black "Maurizzi, Marc Andria"]
[Result "0-1"]
[WhiteElo "2293"]
[BlackElo "2404"]
[Annotator "NA"]
[PlyCount "114"]
[EventDate "2019.12.16"]
[EventType "tourn"]
[EventCountry "FRA"]
[SourceTitle "playchess.com"]
[Source "ChessBase"]
[SourceQuality "1"]
[TimeControl "5400+30"]

1. d4 {[%emt 0:00:00]} Nf6 {[%emt 0:00:00]} 2. Bf4 {[%emt 0:00:04]} d5 {[%emt 0:00:05]} 3. e3 {[%emt 0:00:13]} c5 {[%emt 0:00:27]} 4. Nf3 {[%emt 0:00:13]} e6 {[%emt 0:00:29]} 5. Nbd2 {[%emt 0:00:51]} Nc6 {[%emt 0:00:07]} 6. c3 {[%emt 0:00:44]} cxd4 {[%emt 0:00:51]} 7. exd4 {[%emt 0:01:03] D02: 1 d4 d5 2 Nf3 sidelines, including 2...Nf6 3 g3 and 2...Nf6 3 Bf4} Nh5 {[%emt 0:00:05]} 8. Be3 {[%emt 0:00:19]} (8. Bg5 f6 9. Be3 Bd6 10. g3 O-O 11. Nh4 g6 12. Be2 Ng7 13. O-O e5 14. dxe5 fxe5 {½-½ (59) Aronian,L (2767)-Nakamura,H (2777) chess.com INT 2018}) 8... Bd6 {[%emt 0:00:10]} 9. Ne5 {[%emt 0:00:10]} g6 {[%emt 0:00:16]} 10. Nd3 {[%emt 0:00:14]} Ng7 {[%emt 0:04:23]} 11. g3 {[%emt 0:00:07]} O-O {[%emt 0:01:34]} 12. Bg2 {[%emt 0:00:21]} b6 {[%emt 0:05:35]} 13. O-O {[%emt 0:05:27]} Ba6 $146 {[%emt 0:03:39]} ({Predecessor:} 13... Bb7 14. Nf3 Qc7 {0-1 (48) Radovanovic,M (2466)-Szabo,M (2307) Porto Carras 2018}) 14. Nf3 {[%emt 0:00:20]} Nf5 {[%emt 0:00:42]} 15. Re1 {[%emt 0:03:59]} Nce7 {[%emt 0:05:52]} 16. Bf4 {[%emt 0:07:55]} Bxd3 {[%emt 0:01:03]} 17. Bxd6 {[%emt 0:00:17]} Nxd6 {[%emt 0:00:08]} 18. Qxd3 {[%emt 0:00:07]} b5 {[%emt 0:04:01]} 19. h4 {[%emt 0:18:32]} Rb8 $11 {[%emt 0:08:10]} 20. a3 {[%emt 0:01:35]} h5 {[%emt 0:03:05]} 21. Ng5 {[%emt 0:02:05]} a5 {[%emt 0:04:20]} 22. Bf3 {[%emt 0:05:08]} Ndf5 {[%emt 0:03:47]} 23. Qe2 {[%emt 0:03:31]} Ng7 {[%emt 0:00:51]} 24. Qd2 {[%emt 0:06:03]} Qd6 {[%emt 0:04:49]} 25. Be2 {[%emt 0:02:24]} Ngf5 {[%emt 0:04:41]} 26. Bf1 {[%emt 0:02:52]} b4 {[%emt 0:06:25]} 27. cxb4 {[%emt 0:02:18]} axb4 {[%emt 0:00:07]} 28. a4 {[%emt 0:00:09]} Qb6 {[%emt 0:01:40]} 29. Nf3 {[%emt 0:00:28]} Nc6 {[%emt 0:00:17]} 30. Rad1 {[%emt 0:01:10]} Rfc8 {[%emt 0:06:39]} 31. Bb5 {[%emt 0:01:47]} Na7 {[%emt 0:03:12]} 32. Bf1 {[%emt 0:01:49]} b3 {[%emt 0:02:12]} 33. a5 {[%emt 0:15:56]} Qb4 {[%emt 0:04:09]} 34. Qg5 {[%emt 0:00:02]} Qe7 {[%emt 0:04:17]} 35. Qf4 {[%emt 0:00:01]} Qd6 {[%emt 0:03:12]} 36. Re5 {[%emt 0:00:02]} Qc7 {[%emt 0:01:36]} 37. Ba6 {[%emt 0:05:16]} Nc6 {[%emt 0:01:05]} 38. Rc1 {[%emt 0:02:34]} Qd8 {[%emt 0:03:10]} 39. Rxf5 {[%emt 0:04:24]} exf5 {[%emt 0:00:56]} 40. Bxc8 {[%emt 0:00:06]} Rxc8 {[%emt 0:00:02]} 41. Qh6 {[%emt 0:01:45]} Nxa5 {[%emt 0:12:21]} 42. Ra1 {[%emt 0:02:03]} Ra8 {[%emt 0:00:00]} 43. Ng5 {[%emt 0:01:26]} Qf6 {[%emt 0:00:00]} 44. Qh7+ {[%emt 0:02:08]} Kf8 {[%emt 0:00:00]} 45. Nf3 {[%emt 0:02:49]} Ra7 {[%emt 0:00:00]} 46. Ne5 {[%emt 0:01:35]} Qg7 {[%emt 0:00:00]} 47. Qxg7+ {[%emt 0:00:13]} Kxg7 {[%emt 0:00:00]} 48. Ra3 {[%emt 0:00:26]} Nc6 {[%emt 0:00:00]} 49. Rxa7 {[%emt 0:00:37]} Nxa7 {[%emt 0:00:00]} 50. Kf1 {[%emt 0:00:22]} Nb5 {[%emt 0:00:00]} 51. Nc6 {[%emt 0:00:17]} Kf6 {[%emt 0:00:32]} 52. Ke2 {[%emt 0:00:31]} f4 {[%emt 0:00:34]} 53. gxf4 {[%emt 0:01:05]} Kf5 {[%emt 0:00:07]} 54. Kf3 {[%emt 0:00:30]} f6 {[%emt 0:00:07]} 55. Ne7+ {[%emt 0:00:16]} Ke6 {[%emt 0:00:00]} 56. Nxg6 {[%emt 0:00:50]} Nxd4+ {[%emt 0:00:10]} 57. Ke3 {[%emt 0:00:19]} Nf5+ {[%emt 0:00:05]} 0-1

[Event "1st Barreau de Paris 2019"]
[Site "Paris"]
[Date "2019.12.19"]
[Round "6.1"]
[White "Fedorchuk, Sergey A."]
[Black "Rakotomaharo, Fy Antenaina"]
[Result "1-0"]
[WhiteElo "2636"]
[BlackElo "2438"]
[Annotator "TA"]
[PlyCount "143"]
[EventDate "2019.12.16"]
[EventType "tourn"]
[EventCountry "FRA"]
[SourceTitle "playchess.com"]
[Source "ChessBase"]
[SourceQuality "1"]

{[%evp 10,147,22,0,21,18,43,35,41,0,29,10,12,4,28,15,24,20,29,14,20,0,16,0,0,-52,-39,-44,-50,-59,-41,-47,-41,-64,-40,-41,-41,-46,-43,-44,-52,-61,-53,-44,-45,-52,-36,-177,-175,-160,-170,-195,-105,-191,-166,-118,-6,0,0,0,0,-60,0,0,27,17,64,6,103,11,247,251,536,213,211,211,212,178,525,518,447,270,329,328,349,268,408,358,724,403,512,492,997,972,970,951,887,845,5165,1601,1455,520,506,512,513,513,854,885,29937,393,926,830,6075,5906,5878,5846,29983,29984,29983,0,655,585,29983,641,588,541,1251,1198,1177,1129,1600,1111,29979,29980,29981,29981,29989,29990,29990,29991]} 1. e4 c5 2. Nf3 d6 3. d4 cxd4 4. Nxd4 Nf6 5. Nc3 a6 6. a3 e6 {B90: Sicilian Najdorf: Unusual White 6th moves, 6 Be3 Ng4 and 6 Be3 e5} (6... e5 7. Nf3 h6 8. Bc4 Be6 9. Bxe6 fxe6 10. O-O Nbd7 11. Ne1 Be7 12. Nd3 O-O 13. f4 Qc7 14. Kh1 {0-1 (52) Short,N (2648)-Aronian,L (2767) Caleta 2019}) 7. f4 Qc7 8. Bd3 Nbd7 {White is slightly better.} 9. O-O Nc5 10. Kh1 Be7 11. Qe1 b6 $146 ({Predecessor:} 11... g6 12. b4 Nxd3 13. cxd3 O-O 14. Bb2 Bd7 15. Rc1 Bc6 16. Nce2 e5 17. fxe5 Ng4 18. Nxc6 bxc6 {½-½ (71) Dimitrova,L (2112)-Chilingirova,P (2111) Sunny Beach 2012}) 12. b4 Nxd3 13. cxd3 O-O 14. Bb2 Bb7 15. Rf3 Nd7 16. Rh3 Bf6 17. Nf3 (17. Nd1 $11) 17... Rfc8 {[%cal Rf6c3]} 18. d4 Nf8 19. Rc1 Qd8 20. Rd1 Ng6 21. Qe3 a5 22. b5 Rc4 23. Rd3 Rac8 24. Nd2 R4c7 25. Kg1 Qe8 26. Rf3 e5 27. fxe5 dxe5 28. d5 (28. Rxf6 $1 $15 gxf6 29. Nf1) 28... Nf4 $19 29. Qxb6 Bd8 $1 30. Qe3 Bg5 ({Black should try} 30... Be7 $1 $19 {[%cal Re7c5]} 31. Rxf4 Bc5 32. Qxc5 Rxc5) 31. Qf2 (31. Qe1 $17) 31... Nxd3 32. Rxd3 Rxc3 (32... Be7 $1 $17 {[%cal Re7c5]} 33. Qg3 Bc5+ 34. Kh1 Bd4) 33. Rxc3 $11 (33. Bxc3 Qxb5 34. Rf3 Be7 $17) 33... Rxc3 34. Bxc3 Qxb5 {aiming for ...Qd3.} 35. Qa7 (35. Bxe5 $11 f5 36. h4 Bxd2 37. Qxd2 Qb1+ {[%mdl 64] Double Attack} 38. Kh2 Qxe4 {[%mdl 64] Double Attack} 39. Bxg7) 35... f6 ({Black should play} 35... h5 $15 36. Qb8+ (36. Bxa5 $2 Ba6 $19) 36... Kh7 37. Qxe5 {[%mdl 64] Double Attack} Qc5+ 38. Kh1 f6 39. Qf5+ Kh8) 36. a4 $36 {[%mdl 2048] White has some pressure.} ({Don't play} 36. Bxa5 h6 $17) 36... Qd7 (36... Qe2 $5 37. Qb8+ $8 Kf7 38. Qxb7+ Kg6 $11) 37. Nf3 Bh6 38. Bxa5 (38. Qxa5 $14 Be3+ 39. Kh1) 38... Qc8 (38... Bc6 $1 $11 39. Qc5 Bxa4) 39. Bd2 (39. Be1 $1 $16) 39... g5 $2 (39... Bxd2 $11 {and Black is okay.} 40. Nxd2 Ba6) 40. Qb6 $18 Kf7 $2 {[#]} (40... Bg7 41. h3 Kf7) 41. h3 $2 (41. Nxe5+ $1 {[%mdl 512]} Ke8 (41... fxe5 42. Qxh6) 42. Qxf6 Qc5+ 43. Kh1 $1 {[%mdl 512]} Bxd5 44. Qxh6) 41... Bf8 {...Bc5+ is the strong threat.} 42. Be3 Ba6 43. a5 Qc4 $2 (43... Be7 44. Kh1 Be2) 44. Qe6+ Kg7 45. Qd7+ Kg8 46. Qf5 Kg7 47. d6 {Threatens to win with d7.} Qd3 (47... Bb5 $142 48. Nxg5 fxg5 49. Qxg5+ Kh8) 48. Bc5 ({Weaker is} 48. Bxg5 Qxd6 49. Be3 Qc6 $16) 48... Qc4 $2 (48... Bb5 49. Qc8 Bxd6 50. Qb7+ Kg6 51. Bxd6 Qe3+ 52. Kh1 Qc1+ 53. Ng1 Qc6) 49. Bb6 Qc1+ 50. Kh2 Bxd6 (50... Qf4+ $142 51. Qxf4 gxf4) 51. Qd7+ {[%mdl 64] Double Attack} Kg6 52. Qxd6 Qf4+ 53. Kh1 Bb7 54. Nd2 g4 55. Qd3 (55. Qd8 $142 Bxe4 56. Qg8+ Kh6 57. Nxe4 Qxe4 58. a6) 55... gxh3 56. g3 Qg4 57. Kh2 Qd1 (57... Qe6 $142 58. Qd8 Qc8) 58. Be3 Bc8 59. Qf1 $2 (59. Qc4 {mates} Kg7 60. Qc7+ Kh8 61. Qxc8+ {[%mdl 64] Double Attack} Kg7 62. a6 Qe2+ 63. Kxh3 Qxe3 64. Qd7+ Kh8 65. a7 Qh6+ 66. Kg2) 59... Qg4 $2 (59... Qxf1 60. Nxf1 Kf7) 60. a6 {[%cal Ba5a6,Ba6a7][%mdl 32]} h5 61. a7 Bb7 62. Qc4 {[%cal Rc4g8]} Kg7 63. Qc7+ {[%mdl 64] Double Attack} Kg6 64. Qc4 (64. Qxb7 $142 h4 65. Bf2 Qe2 66. Qb6 $1 {[%mdl 512]} hxg3+ 67. Kxg3 Qxd2 68. a8=Q Qf4+ 69. Kxh3 Qf3+ 70. Kh2 Qh5+ 71. Kg3 Qg5+ 72. Kf3 Qh5+ 73. Ke3 Qh3+ 74. Ke2) 64... Kg7 $1 65. Bf2 {White wants to mate with Qc7+.} h4 66. Qd3 (66. Qc7+ $142 Kg6 67. Qxb7 Qe2 {[#]} 68. Qb6 $1 {[%mdl 512]} Kh5 69. a8=Q hxg3+ {[%mdl 64] Pin} 70. Kxh3 Qg4+ 71. Kg2 $1 {[%mdl 512]}) 66... Ba8 67. Qe3 ({Not} 67. Qd8 Qe2 $14) 67... Kf7 68. Nc4 hxg3+ 69. Bxg3 Qd1 70. Qd2 Qb3 71. Qd7+ {[%mdl 64] Double Attack. White mates.} Kg6 72. Nd6 {Played: Qd7-e8} 1-0

[Event "1st Barreau de Paris 2019"]
[Site "Paris"]
[Date "2019.12.19"]
[Round "6.2"]
[White "David, Alberto"]
[Black "Sochacki, Wojtek"]
[Result "1/2-1/2"]
[WhiteElo "2545"]
[BlackElo "2320"]
[Annotator "TA"]
[PlyCount "41"]
[EventDate "2019.12.16"]
[EventType "tourn"]
[EventCountry "FRA"]
[SourceTitle "playchess.com"]
[Source "ChessBase"]
[SourceQuality "1"]

{[%evp 11,41,2,0,-8,0,-2,0,0,0,-24,0,-15,-25,-26,-18,-16,-16,-25,-12,-24,-7,-15,0,-54,-36,-33,-16,-26,-9,-41,-29,-29]} 1. c4 e5 2. g3 Nf6 3. Bg2 d5 4. cxd5 Nxd5 5. Nc3 Nb6 6. d3 Be7 7. Bd2 {A22: English Opening: 1...e5 2 Nc3 Nf6} (7. Be3 O-O 8. Rc1 Re8 9. Qc2 Bf8 10. a3 c6 11. Nf3 N8d7 12. O-O Nf6 13. b4 Bf5 14. Rfd1 h6 15. Ne4 Rc8 16. Bc5 Bxe4 17. dxe4 {½-½ (39) Ding,L (2777)-Harikrishna,P (2744) Huaian 2017}) 7... O-O 8. Rc1 Re8 9. Nf3 {The position is equal.} Nc6 10. Ne4 $146 ({Predecessor:} 10. a3 Bf8 11. O-O Nd4 12. Ne4 Be6 13. Nxd4 exd4 14. Ng5 c6 15. Nxe6 Rxe6 16. Bf3 a5 17. Qe1 Nd7 18. Bg4 Re7 19. f4 {0-1 (49) Ryrakhovsky,A (2124)-Fang,J (2350) Watertown 1996}) 10... Bg4 11. h3 Be6 12. O-O a5 13. a3 a4 14. Be3 Bb3 15. Qd2 Nd7 16. g4 Nf8 17. Rxc6 ({White should try} 17. Nc5 $11) 17... bxc6 $15 18. Nxe5 Bd5 19. Rc1 Ra6 20. Qc3 Ng6 21. Nxg6 {Accuracy: White = 41%, Black = 68%.} 1/2-1/2

[Event "1st Barreau de Paris 2019"]
[Site "Paris"]
[Date "2019.12.19"]
[Round "6.4"]
[White "Maurizzi, Marc Andria"]
[Black "Guliyev, Namig"]
[Result "0-1"]
[WhiteElo "2404"]
[BlackElo "2548"]
[Annotator "TA"]
[PlyCount "62"]
[EventDate "2019.12.16"]
[EventType "tourn"]
[EventCountry "FRA"]
[SourceTitle "playchess.com"]
[Source "ChessBase"]
[SourceQuality "1"]

{[%evp 26,122,81,45,48,43,79,82,81,93,89,94,62,7,61,0,0,0,0,-217,-234,-220,-183,-191,-189,-210,-197,-192,-25,-151,-146,-146,-140,-165,-175,-203,-189,-180,-127,-131,-121,-126,-143,-131,-153,-241,-247,-348,-341,-1441,-338,-864,-862,-862,-832,-787,-805,-777,-739,-856,-857,-872,-835,-2316,-1960,-1033,-711,-772,-742,-939,-917,-12833,-12829,-12829,-972,-12838,-12836,-12837,-12837,-12837,-12838,-12837,-12837,-12840,-12840,-12837,-1311,-12838,-12839,-12842,-12842,-12845,-12845,-12847,-12843,-12845,-12846,-12847,-12846]} 1. e4 c5 2. Nf3 d6 3. d4 cxd4 4. Nxd4 Nf6 5. Nc3 e6 6. g4 h6 7. h4 Nc6 8. Rg1 h5 9. gxh5 Nxh5 10. Bg5 Nf6 11. Qd2 Qb6 12. Nb3 a6 13. O-O-O Bd7 14. Bg2 Qc7 {[#] B81: Sicilian Scheveningen: Keres Attack} 15. Kb1 $146 ({Predecessor:} 15. f4 Be7 16. Rge1 O-O-O 17. Bf3 Be8 18. Rg1 g6 19. Qf2 Nh5 20. f5 Bxg5+ 21. hxg5 Kb8 22. Be2 {1-0 (47) Deac,B (2578)-Donchenko,A (2309) Budapest 2018}) 15... b5 16. f4 {Black must now prevent e5!} Nh7 {White is better.} 17. e5 dxe5 18. fxe5 {aiming for Bf4.} Nxg5 19. Qxg5 (19. hxg5 $14 O-O-O 20. Bxc6 Bxc6 21. Qf4) 19... Rd8 (19... Rc8 $1 $11) 20. Bxc6 ({White should try} 20. Rgf1 $1 $14) 20... Bxc6 $11 21. Nd4 Bb7 22. Ndxb5 $2 (22. Nxe6 $11 Rxd1+ 23. Rxd1 fxe6 24. Qg6+ {[%mdl 64] Double Attack} Ke7 25. Rf1) 22... axb5 $19 23. Nxb5 {[%cal Rb5c7]} Qb6 24. Nd6+ Bxd6 25. exd6 Rxd6 26. Qxg7 Rxd1+ 27. Rxd1 Rh5 $1 ({Don't take} 27... Rf8 28. Qg5 $17) 28. b3 Bd5 29. Qg4 Rf5 $1 30. Rd3 Rf1+ 31. Kb2 Qg1 {Played: Qb6-f2} 0-1

[Event "1st Barreau de Paris 2019"]
[Site "Paris"]
[Date "2019.12.19"]
[Round "7.1"]
[White "Guliyev, Namig"]
[Black "Fedorchuk, Sergey A."]
[Result "1/2-1/2"]
[WhiteElo "2548"]
[BlackElo "2636"]
[Annotator "TA"]
[PlyCount "35"]
[EventDate "2019.12.16"]
[EventType "tourn"]
[EventCountry "FRA"]
[SourceTitle "playchess.com"]
[Source "ChessBase"]
[SourceQuality "1"]

{[%evp 18,33,22,17,14,14,12,4,15,0,0,0,7,0,2,0,0,0]} 1. e4 e5 2. Nf3 Nc6 3. Bb5 Nf6 4. O-O Nxe4 5. Re1 Nd6 6. Nxe5 Be7 7. Bf1 Nxe5 8. Rxe5 O-O 9. d4 Bf6 10. Re1 {The position is equal.} Re8 {C67: Ruy Lopez: Berlin Defence: 4 0-0 Nxe4} 11. Rxe8+ Nxe8 12. c3 d5 13. Bd3 g6 14. Bf4 Ng7 15. Nd2 c6 16. h3 Bf5 17. Bxf5 {[#]} {Predecessor:} Nxf5 $146 18. Nf3 {½-½ (47) Anand,V (2776)-Grischuk,A (2767) Moscow 2018} 1/2-1/2

[Event "1st Barreau de Paris 2019"]
[Site "Paris"]
[Date "2019.12.19"]
[Round "7.2"]
[White "Loiseau, Quentin"]
[Black "David, Alberto"]
[Result "0-1"]
[WhiteElo "2470"]
[BlackElo "2545"]
[Annotator "TA"]
[PlyCount "90"]
[EventDate "2019.12.16"]
[EventType "tourn"]
[EventCountry "FRA"]
[SourceTitle "playchess.com"]
[Source "ChessBase"]
[SourceQuality "1"]

{[%evp 14,90,5,10,3,0,0,-3,-2,-12,0,0,0,0,39,36,41,43,41,31,16,16,22,-31,-9,-10,-14,-45,-27,-39,-37,-108,-110,-110,-108,-117,-100,-129,-54,-79,-79,-76,-78,-281,-226,-357,-343,-323,-342,-375,-389,-375,-381,-379,-381,-368,-370,-481,-483,-480,-471,-675,-671,-940,-931,-997,-882,-1410,-1285,-29987,-29974,-29988,-29989,-29990,-29991,-29991,-29992,-29992,-29992]} 1. e4 e6 2. d4 d5 3. Nc3 Nf6 4. Bg5 Bb4 5. e5 h6 6. Bh4 g5 7. Bg3 Ne4 8. Nge2 $1 c5 {C12: French: Classical System: McCutcheon Variation} (8... h5 9. f3 Nxg3 10. hxg3 Bd7 11. Qd2 Be7 12. O-O-O c5 13. dxc5 Qa5 14. Nd4 Qxc5 15. Ncb5 Bxb5 16. Bxb5+ {1-0 (33) Onischuk,V (2630)-Martirosyan,H (2635) Jermuk 2019}) 9. a3 Bxc3+ 10. Nxc3 Qa5 {Threatening ...Nc6.The position is equal.} 11. b4 Nxc3 12. bxa5 Nxd1 13. Rxd1 cxd4 $146 ({Predecessor:} 13... Nc6 14. Bb5 Bd7 15. Bxc6 Bxc6 16. h4 {½-½ (36) Nilsson,A (2225)-Renman,N (2332) Sweden 2016}) 14. h4 {hxg5 is the strong threat.} Rf8 15. hxg5 hxg5 16. Rh5 Nc6 17. Rxg5 Bd7 18. Rh5 ({White should try} 18. Bf4 $11) 18... Rc8 $15 19. a6 b6 20. Bh4 Na5 21. Rxd4 Rxc2 22. Bd3 (22. f3 $15) 22... Rc1+ $17 23. Ke2 Nb3 24. Rb4 Nc5 25. Bf6 Rc3 (25... Nxd3 $17 26. Kxd3 Ra1) 26. Bb1 Bc8 27. Kd2 Rxa3 28. Rbh4 $2 {[#]} (28. g4 $17 {was the only defense.}) 28... Bxa6 $19 29. Rh8 (29. Rh7 $142) 29... Rxh8 30. Rxh8+ Kd7 31. Rf8 Ra1 32. Rxf7+ {[#]} Kc6 $1 33. Bg6 d4 34. Rxa7 Ra2+ 35. Kc1 {intending Be7.} Rxf2 36. Be7 Bc4 37. Bxc5 (37. g3 $142 d3 38. Bxc5 d2+ 39. Kc2 Bb3+ 40. Kc3) 37... bxc5 {[%mdl 4096] Endgame KRB-KRB} 38. g4 Bd5 39. g5 Kb6 40. Rd7 c4 {[%cal Bc5c4,Bc4c3][%mdl 32]} 41. Bf7 c3 {Black mates.} 42. Bxe6 Bxe6 43. Rd6+ Kc5 44. Rxe6 d3 {[%cal Rf2f1]} 45. Rf6 Ra2 {Accuracy: White = 31%, Black = 83%.} 0-1

[Event "1st Barreau de Paris 2019"]
[Site "Paris"]
[Date "2019.12.19"]
[Round "7.3"]
[White "Lamard, Guillaume"]
[Black "Maurizzi, Marc Andria"]
[Result "1/2-1/2"]
[WhiteElo "2452"]
[BlackElo "2404"]
[Annotator "TA"]
[PlyCount "86"]
[EventDate "2019.12.16"]
[EventType "tourn"]
[EventCountry "FRA"]
[SourceTitle "playchess.com"]
[Source "ChessBase"]
[SourceQuality "1"]

{[%evp 17,86,10,18,8,30,27,25,0,7,0,15,0,0,0,0,0,0,0,0,0,0,0,0,-9,2,5,3,9,9,0,12,7,37,5,133,133,133,134,129,126,129,129,127,124,178,143,189,56,45,15,18,8,8,8,8,8,8,8,8,8,8,8,8,8,8,8,8,0,8,0,0]} 1. Nf3 Nf6 2. c4 b6 3. g3 Bb7 4. Bg2 g6 5. b3 Bg7 6. Bb2 c5 7. O-O O-O 8. d4 cxd4 9. Qxd4 Nc6 10. Qc3 {A30: Symmetrical English: Double Fianchetto and Hedgehog} Qc7 11. Rd1 Rad8 12. Qe1 {White has an edge.} (12. Na3 {looks sharper.} a6 13. e4 e6 14. Rac1 Ne7 15. Re1) 12... d5 13. cxd5 Rxd5 {[#]} 14. Rxd5 $146 ({Predecessor:} 14. Nc3 Rxd1 15. Nxd1 Rd8 16. Rc1 Bh6 17. e3 Qd7 18. Bxf6 exf6 {1-0 (56) Duda,J (2729)-Vachier Lagrave,M (2775) Paris 2019}) 14... Nxd5 15. Bxg7 Kxg7 16. Nc3 Nf6 17. Rc1 Rc8 18. Nb5 {[%cal Bc3b5,Bb5a3,Ba3c2,Bc2e1,Be1d3,Bd3e5,Be5f7][%mdl 32]} Qb8 19. Qd2 a6 20. Na3 Rd8 21. Qb2 b5 22. Nc2 Qd6 23. Nce1 a5 24. Nd3 Nb4 25. Nde5 h6 {[#]} (25... Nc6 $11) 26. Nxf7 $1 $16 {[%mdl 512]} Kxf7 27. Ne5+ {[%mdl 64] Discovered Attack} Kg7 {aiming for ...Bxg2.} 28. Bxb7 {a3 is the strong threat.} Nxa2 29. Qxa2 Qxe5 30. Qxa5 Rd4 (30... Rd6 $16) 31. Bf3 g5 32. e3 (32. Qa1 $18) 32... Rd3 $14 33. Qb4 {Hoping for Rc8.} Rxe3 $1 {The position is equal.} 34. fxe3 Qxe3+ 35. Kg2 {Threatens to win with Re1.} Qxc1 36. Qxe7+ Kg6 37. Be4+ Nxe4 38. Qxe4+ $11 {[%mdl 4096] Endgame KQ-KQ} Kg7 39. Qe5+ Kg6 40. Qxb5 Qc2+ 41. Kg1 Qc1+ 42. Kg2 Qc2+ 43. Kh3 Qc8+ {Accuracy: White = 46%, Black = 54%.} 1/2-1/2

[Event "1st Barreau de Paris 2019"]
[Site "Paris"]
[Date "2019.12.19"]
[Round "7.4"]
[White "Rakotomaharo, Fy Antenaina"]
[Black "Di Nicolantonio, Lucas"]
[Result "0-1"]
[WhiteElo "2438"]
[BlackElo "2408"]
[Annotator "TA"]
[PlyCount "110"]
[EventDate "2019.12.16"]
[EventType "tourn"]
[EventCountry "FRA"]
[SourceTitle "playchess.com"]
[Source "ChessBase"]
[SourceQuality "1"]

{[%evp 11,110,29,24,12,13,0,20,0,0,0,0,0,2,10,12,0,15,-1,10,0,0,0,0,0,0,-81,-64,-194,-210,-217,-120,-239,-252,-241,-247,-250,-240,-239,-249,-245,-241,-252,-252,-266,-234,-269,-214,-226,-219,-215,-210,-198,-222,-186,-209,-205,-212,-392,-382,-704,-691,-29952,-29954,-12326,-29951,-12326,-5629,-12326,-10345,-5202,-4918,-29971,-29970,-29970,-29972,-29974,-29974,-29973,-29973,-29973,-29976,-29976,-29975,-29975,-29978,-29978,-29978,-29979,-29980,-29979,-29981,-29980,-29981,-29982,-29983,-29986,-29987,-29987,-29988,-29988,-29989]} 1. e4 c5 2. Nf3 d6 3. d4 cxd4 4. Nxd4 Nf6 5. Nc3 a6 6. g3 e5 7. Nb3 {B91: Sicilian Najdorf: 6 g3} (7. Nde2 Be7 8. Bg2 O-O 9. O-O b5 10. Nd5 Nxd5 11. Qxd5 Ra7 12. Be3 Rb7 13. Qd2 Nd7 14. Nc3 Nf6 15. Bg5 Be6 16. Bxf6 Bxf6 17. Nd5 Bg5 {½-½ (43) Vitiugov,N (2732)-Yu,Y (2763) Khanty-Mansiysk 2019}) 7... Be7 8. Bg5 Be6 9. Bxf6 {The position is equal.} Bxf6 10. h4 O-O 11. Qd2 a5 12. a4 Na6 13. O-O-O $146 ({Predecessor:} 13. Bh3 Bxh3 14. Rxh3 {0-1 (28) Mazur,S (2472)-Martinovic,S (2565) Slovakia 2018}) 13... Qb6 14. Bb5 Rfd8 15. Rhe1 Nb4 16. Qe3 Qc7 17. Kb1 Rac8 18. Qa7 (18. Qf3 $11) 18... d5 {And now ...d4 would win.} 19. exd5 (19. Qxa5 $15 d4 20. Qxc7 Rxc7 21. Nd5 Nxd5 22. exd5 Bxd5 23. Nd2) 19... Nxd5 $19 20. Rxd5 Bxd5 (20... Rxd5 $19 21. Re2 Rd6 22. Qxa5 Bxb3 23. Qxc7 Bxc2+ 24. Kxc2 Rxc7) 21. Qxa5 (21. Nxd5 $17 Rxd5 22. c3) 21... b6 22. Qb4 e4 $1 {Strongly threatening ...Be7.} 23. Re2 Bxc3 24. bxc3 Qxc3 25. Qxc3 Rxc3 26. Kb2 Rcc8 27. g4 f6 28. Nd2 Be6 29. Rxe4 Rxd2 30. Rxe6 Rdxc2+ {[%mdl 4096] Endgame KRR-KRB} 31. Kb3 Rxf2 32. Rxb6 Rf3+ 33. Kb4 Rf4+ 34. Ka5 $2 (34. Kb3) 34... Rxg4 35. Bd7 $2 (35. Rc6 Rb8 36. Rb6 Ra8+ 37. Ra6) 35... Ra8+ 36. Ra6 Rxa6+ 37. Kxa6 Rxh4 {KR-KB} 38. a5 Kf8 39. Kb5 Rh1 40. a6 Ke7 41. Bc6 Ra1 {Black mates.} 42. Kb6 Kd6 43. Bb5 Ke5 44. a7 {[#]} Rxa7 $1 {[%mdl 512]} 45. Kxa7 {KB-K3P} Kf4 46. Kb6 Kg3 47. Kc5 h5 48. Kd4 h4 49. Ke3 h3 50. Bc6 f5 51. Ke2 f4 52. Kf1 {[#]} h2 $1 53. Bh1 f3 54. Ke1 g5 55. Kf1 g4 {Accuracy: White = 30%, Black = 87%.} 0-1